[Event "TSN 2022 - U12"]
[Site "Frydek-Mistek, Czech Republic"]
[Date "2022.04.16"]
[Round "5.1"]
[White "Komarek, Tobias"]
[Black "Horkova, Tereza"]
[Result "0-1"]
[WhiteElo "1308"]
[BlackElo "1448"]
[PlyCount "128"]
[EventDate "2022.??.??"]

1. c4 c5 2. g3 e6 3. Bg2 d5 4. e3 Nf6 5. Ne2 Nc6 6. O-O Be7 7. cxd5 exd5 8. d4
cxd4 9. Nxd4 Nxd4 10. Qxd4 Be6 11. Nc3 Qb6 12. Qxb6 axb6 13. Ne2 O-O 14. b3
Rfc8 15. Nd4 Bb4 16. Bb2 Bc3 17. Bxc3 Rxc3 18. Rfc1 Rxc1+ 19. Rxc1 Rxa2 20.
Nxe6 fxe6 21. Rc8+ Kf7 22. Rc7+ Kg6 23. Rxb7 Ra1+ 24. Bf1 Ne4 25. Kg2 Ra2 26.
Bd3 Rxf2+ 27. Kg1 Rf3 28. Bxe4+ dxe4 29. Rxb6 Kf6 30. b4 Rxe3 31. b5 Rb3 32.
Kf2 Rb2+ 33. Ke3 Ke5 34. h3 Rb3+ 35. Kf2 Rb2+ 36. Ke3 Rg2 37. g4 Rg3+ 38. Kf2
Rxh3 39. Rb7 g5 40. b6 Rb3 41. Rb8 Kd6 42. b7 h6 43. Ke2 Ke5 44. Kf2 e3+ 45.
Ke2 Ke4 46. Re8 Rxb7 47. Rxe6+ Kf4 48. Rxh6 Rb2+ 49. Kf1 Kxg4 50. Rh8 Kg3 51.
Rg8 g4 52. Re8 Rf2+ 53. Kg1 Kf3 54. Rf8+ Ke2 55. Rg8 Rf4 56. Kg2 Kd3 57. Rd8+
Rd4 58. Re8 e2 59. Kf2 Rf4+ 60. Kg3 Re4 61. Rxe4 Kxe4 62. Kf2 e1=Q+ 63. Kxe1
Kf3 64. Kf1 g3 0-1

[Event "TSN 2022 - U12"]
[Site "Frydek-Mistek, Czech Republic"]
[Date "2022.04.16"]
[Round "5.3"]
[White "Letal, Hynek"]
[Black "Mrozowski, Nikodem"]
[Result "1/2-1/2"]
[WhiteElo "1367"]
[BlackElo "1242"]
[PlyCount "48"]
[EventDate "2022.??.??"]

1. e4 c6 2. d4 d5 3. exd5 cxd5 4. Bd3 Nc6 5. c3 Nf6 6. h3 g6 7. Nf3 Bf5 8. Bxf5
gxf5 9. Bf4 e6 10. Nbd2 Bd6 11. Bg5 Be7 12. Bxf6 Bxf6 13. Qb3 Qc7 14. O-O-O
O-O-O 15. Kb1 Rhg8 16. Rhg1 h5 17. Rde1 Rg7 18. Nf1 h4 19. g3 Rdg8 20. Qc2 Rh8
21. gxh4 Rxg1 22. Nxg1 Bxh4 23. Re3 Ne7 24. Qe2 Ng6 1/2-1/2

[Event "TSN 2022 - U15"]
[Site "Frydek-Mistek, Czech Republic"]
[Date "2022.04.16"]
[Round "5.1"]
[White "Buchta, Bartolomej"]
[Black "Vasinek, Martin"]
[Result "0-1"]
[WhiteElo "1892"]
[BlackElo "1776"]
[PlyCount "40"]
[EventDate "2022.??.??"]

1. e4 c5 2. b3 Nc6 3. Bb2 e5 4. Bc4 d6 5. Nc3 Nge7 6. Nf3 h6 7. d3 g6 8. Nd2
Bg7 9. O-O O-O 10. Nd5 Kh7 11. f4 f5 12. g3 Bd7 13. a4 Nxd5 14. Bxd5 fxe4 15.
dxe4 Bh3 16. Rf2 exf4 17. Bxg7 Kxg7 18. gxf4 Rxf4 19. Nf3 Qf6 20. Ra2 Ne5 0-1

[Event "TSN 2022 - U15"]
[Site "Frydek-Mistek, Czech Republic"]
[Date "2022.04.16"]
[Round "5.2"]
[White "Sikorova, Jana"]
[Black "Fizer, Marek"]
[Result "0-1"]
[WhiteElo "1460"]
[BlackElo "1976"]
[PlyCount "108"]
[EventDate "2022.??.??"]

1. d4 d5 2. Nf3 Nf6 3. c4 dxc4 4. e3 e6 5. Bxc4 a6 6. Nc3 b5 7. Bd3 Bb7 8. O-O
Nbd7 9. b3 c5 10. Bb2 Bd6 11. Rc1 O-O 12. Qe2 cxd4 13. Nxd4 Ne5 14. Bb1 Qb8 15.
h3 b4 16. Na4 a5 17. Rfd1 Ba6 18. Qd2 Qb7 19. Nc5 Bxc5 20. Rxc5 Nfd7 21. Qc2
Bd3 22. Rxd3 Nxc5 23. Rd1 Ned3 24. Rxd3 Nxd3 25. Qxd3 g6 26. Nxe6 fxe6 27. Qd4
Qe7 28. Qh8+ Kf7 29. Qxh7+ Ke8 30. Bxg6+ Kd8 31. Bg7 Ra7 32. Bxf8 Qxh7 33. Bxh7
Rxh7 34. a3 bxa3 35. Bxa3 Rb7 36. h4 Rxb3 37. h5 Ke8 38. h6 Kf7 39. Bc5 Kg6 40.
Bf8 a4 41. Bg7 a3 42. g4 a2 43. g5 Rb1+ 44. Kg2 a1=Q 45. Bxa1 Rxa1 46. f4 e5
47. Kf3 exf4 48. Kxf4 Rf1+ 49. Ke5 Kxg5 50. e4 Kxh6 51. Ke6 Kg7 52. e5 Kf8 53.
Kd6 Ke8 54. Ke6 Re1 0-1

[Event "TSN 2022 - U15"]
[Site "Frydek-Mistek, Czech Republic"]
[Date "2022.04.16"]
[Round "5.3"]
[White "Osina, Jaromir"]
[Black "Pressler, Tobias"]
[Result "1/2-1/2"]
[WhiteElo "1535"]
[BlackElo "1862"]
[PlyCount "88"]
[EventDate "2022.??.??"]

1. d4 d5 2. c4 Nc6 3. Nc3 e6 4. Nf3 Nf6 5. Bf4 Bd6 6. Bxd6 Qxd6 7. e3 O-O 8.
Bd3 Rd8 9. O-O e5 10. dxe5 Nxe5 11. cxd5 Bg4 12. Be2 Nxd5 13. Nxd5 Qxd5 14.
Nxe5 Qxe5 15. Qc2 Bf5 16. Qb3 Rd2 17. Qxb7 Be4 18. Qa6 Rad8 19. Rad1 g6 20.
Qxa7 Qxb2 21. Qxc7 Rxd1 22. Rxd1 Rxd1+ 23. Bxd1 Qd2 24. Qb8+ Kg7 25. Qe5+ Kh6
26. Qf4+ g5 27. Qf6+ Bg6 28. h4 Qxd1+ 29. Kh2 Qg4 30. Qxg5+ Qxg5 31. hxg5+ Kxg5
32. a4 Be4 33. a5 Bb7 34. Kh3 f6 35. g4 Bf3 36. a6 Bxg4+ 37. Kg3 Bc8 38. a7 Bb7
39. f3 h6 40. e4 h5 41. f4+ Kh6 42. e5 fxe5 43. fxe5 Kg5 44. e6 Kf6 1/2-1/2

[Event "TSN 2022 - U12"]
[Site "Frydek-Mistek, Czech Republic"]
[Date "2022.04.16"]
[Round "6.1"]
[White "Horkova, Tereza"]
[Black "Kotisa, Jan"]
[Result "1-0"]
[WhiteElo "1448"]
[BlackElo "1322"]
[PlyCount "93"]
[EventDate "2022.??.??"]

1. e4 c5 2. c3 Nc6 3. d4 cxd4 4. cxd4 e6 5. Nf3 d5 6. exd5 exd5 7. Bb5 Bd7 8.
O-O Nf6 9. Bg5 Be7 10. Nc3 a6 11. Ba4 b5 12. Bb3 Be6 13. Rc1 Qd6 14. Re1 O-O
15. Ne5 Rac8 16. Nxc6 Rxc6 17. Qf3 Rcc8 18. h3 Rfe8 19. Bxf6 Bxf6 20. Bxd5 Bxd5
21. Nxd5 Rxc1 22. Nxf6+ Qxf6 23. Rxc1 Qxd4 24. Rc7 Qf6 25. Qxf6 gxf6 26. Rc6
Re6 27. Rxe6 fxe6 28. Kh2 Kg7 29. Kg3 Kg6 30. Kg4 h5+ 31. Kf4 e5+ 32. Ke4 Kg5
33. b4 h4 34. a3 Kg6 35. f4 exf4 36. Kxf4 f5 37. g4 hxg3 38. Kxg3 Kg5 39. h4+
Kh5 40. Kf4 Kxh4 41. Kxf5 Kh5 42. Ke5 Kg5 43. Kd5 Kf5 44. Kc5 Ke5 45. Kb6 Kd6
46. Kxa6 Kc6 47. Ka5 1-0

[Event "TSN 2022 - U12"]
[Site "Frydek-Mistek, Czech Republic"]
[Date "2022.04.16"]
[Round "6.2"]
[White "Buchtova, Viktorie"]
[Black "Vancakova, Veronika"]
[Result "1/2-1/2"]
[WhiteElo "1504"]
[BlackElo "1300"]
[PlyCount "123"]
[EventDate "2022.??.??"]

1. e4 e5 2. Nf3 Nf6 3. Nxe5 d6 4. Nf3 Nxe4 5. c4 Be6 6. d3 Nf6 7. d4 d5 8. c5
Be7 9. Nc3 O-O 10. Bd3 h6 11. O-O Re8 12. Be3 c6 13. Re1 Nbd7 14. Ne2 Bf8 15.
Nf4 Bg4 16. h3 Bxf3 17. Qxf3 Ne4 18. Nh5 Ndf6 19. Nxf6+ Nxf6 20. Qg3 Kh8 21.
Re2 Ne4 22. Qf3 Qf6 23. Bxe4 dxe4 24. Qxf6 gxf6 25. Kf1 f5 26. g4 Kg7 27. Kg2
Kg6 28. Kg3 Rad8 29. Rg1 Rd5 30. Kf4 Kf6 31. Kg3 fxg4 32. hxg4 h5 33. Kh4 hxg4
34. Rxg4 Kf5 35. Re1 Be7+ 36. Kh3 Rh8+ 37. Kg3 Bf6 38. Rf4+ Kg6 39. Rxe4 Rhd8
40. Rg4+ Kf5 41. Rd1 Be5+ 42. Kf3 Bh8 43. Rf4+ Ke6 44. Ke2 Bf6 45. Rd3 Rf5 46.
Re4+ Kd5 47. f3 Rh8 48. Bf2 Rh3 49. Ree3 Rf4 50. Re4 Rf5 51. Rg4 b6 52. cxb6
axb6 53. Rg8 Rh8 54. Rxh8 Bxh8 55. a4 Rf4 56. Rb3 Bxd4 57. Bxd4 Rxd4 58. Rxb6
Rxa4 59. Rb7 f5 60. Rf7 f4 61. Rb7 Kc5 62. Rb3 1/2-1/2

[Event "TSN 2022 - U12"]
[Site "Frydek-Mistek, Czech Republic"]
[Date "2022.04.16"]
[Round "6.3"]
[White "Kammova, Katerina"]
[Black "Letal, Hynek"]
[Result "0-1"]
[WhiteElo "1352"]
[BlackElo "1367"]
[PlyCount "74"]
[EventDate "2022.??.??"]

1. e4 c5 2. Nf3 Nc6 3. c3 g6 4. d4 cxd4 5. cxd4 Bg7 6. Nc3 d6 7. Be3 Bg4 8. Be2
Bxf3 9. Bxf3 Qb6 10. Nd5 Qa5+ 11. Bd2 Qd8 12. Bc3 e6 13. Ne3 Nge7 14. O-O O-O
15. Be2 f5 16. f3 Qb6 17. Nc2 e5 18. Kh1 exd4 19. Be1 Qxb2 20. Bc4+ d5 21. Rb1
Qxb1 22. Bxd5+ Nxd5 23. Qxb1 fxe4 24. Qxb7 Rac8 25. Qb3 Nce7 26. Bh4 Rc3 27.
Qa4 d3 28. Ne1 e3 29. Bxe7 e2 30. Rf2 Rc1 31. Bb4 Nxb4 32. Qxb4 Bc3 33. Qc4+
Kh8 34. h3 Rxe1+ 35. Kh2 Be5+ 36. f4 Rh1+ 37. Kxh1 e1=Q+ 0-1

[Event "TSN 2022 - U15"]
[Site "Frydek-Mistek, Czech Republic"]
[Date "2022.04.16"]
[Round "6.1"]
[White "Vasinek, Martin"]
[Black "Niesyt, Michal"]
[Result "1-0"]
[WhiteElo "1776"]
[BlackElo "1675"]
[PlyCount "69"]
[EventDate "2022.??.??"]

1. d4 d5 2. c4 e6 3. Nf3 Nf6 4. e3 Be7 5. Nbd2 O-O 6. Bd3 c5 7. O-O Nc6 8. b3
b6 9. Bb2 Bb7 10. Qe2 Nb4 11. Bb1 Rc8 12. a3 Nc6 13. Bd3 Qd7 14. Rac1 Rfd8 15.
Rfd1 h6 16. Bb1 cxd4 17. Nxd4 Nxd4 18. Bxd4 dxc4 19. Nxc4 Qd5 20. f3 Qg5 21. a4
Bc5 22. f4 Qh4 23. Bxc5 bxc5 24. Nd6 Rxd6 25. Rxd6 g6 26. g3 Qh3 27. Rd2 Ne4
28. Bxe4 Bxe4 29. Qa6 Rb8 30. Qxa7 Rxb3 31. Qxc5 Rd3 32. Qe5 Bb7 33. Rc8+ Bxc8
34. Rxd3 g5 35. Qf6 1-0

[Event "TSN 2022 - U15"]
[Site "Frydek-Mistek, Czech Republic"]
[Date "2022.04.16"]
[Round "6.2"]
[White "Fizer, Marek"]
[Black "Buchta, Bartolomej"]
[Result "1-0"]
[WhiteElo "1976"]
[BlackElo "1892"]
[PlyCount "147"]
[EventDate "2022.??.??"]

1. e4 c5 2. Nf3 d6 3. d4 cxd4 4. Nxd4 Nf6 5. Nc3 a6 6. Bg5 Nbd7 7. f4 Qc7 8.
Qf3 h6 9. Bxf6 Nxf6 10. f5 e5 11. fxe6 fxe6 12. O-O-O Be7 13. Bd3 O-O 14. Qe2
b5 15. a3 Qc5 16. e5 dxe5 17. Nb3 Qc7 18. Rhe1 Bxa3 19. Ne4 Be7 20. Nxf6+ Bxf6
21. Qe4 Bb7 22. Qh7+ Kf7 23. Rf1 Ke7 24. Rxf6 Rxf6 25. Bg6 Rxg6 26. Qxg6 Bd5
27. Qxg7+ Kd6 28. Qxh6 Rc8 29. Qd2 Qc4 30. Kb1 a5 31. Qd3 Ke7 32. Qxc4 Rxc4 33.
Nxa5 Rh4 34. Nb3 Rxh2 35. Nc5 Rxg2 36. Re1 Kd6 37. b4 Rg4 38. c3 e4 39. Kc2
Rg2+ 40. Kd1 Ke5 41. Nd3+ Kf5 42. Rf1+ Kg4 43. Ne5+ Kh3 44. Rf8 Rg5 45. Nf7 Rf5
46. Rh8+ Kg2 47. Nd6 Bb3+ 48. Ke1 Rf1+ 49. Ke2 Bd1+ 50. Ke3 Bf3 51. Rg8+ Kh3
52. Nxe4 Bxe4 53. Kxe4 Rc1 54. Kd4 e5+ 55. Kxe5 Rxc3 56. Rb8 Rg3 57. Kd6 Rg5
58. Kc6 Kg4 59. Rxb5 Rg6+ 60. Kb7 Kf4 61. Rb6 Rg7+ 62. Ka6 Ke4 63. b5 Kd5 64.
Rb7 Rg1 65. Rc7 Kd6 66. b6 Rb1 67. Kb7 Rb2 68. Rc6+ Kd7 69. Rh6 Rb1 70. Kb8 Rb2
71. b7 Ra2 72. Rh3 Rb2 73. Rd3+ Kc6 74. Kc8 1-0

[Event "TSN 2022 - U15"]
[Site "Frydek-Mistek, Czech Republic"]
[Date "2022.04.16"]
[Round "6.3"]
[White "Pressler, Tobias"]
[Black "Langmaier, Michal"]
[Result "1-0"]
[WhiteElo "1862"]
[BlackElo "1485"]
[PlyCount "81"]
[EventDate "2022.??.??"]

1. d4 f5 2. Nc3 Nf6 3. Bg5 e6 4. Qd2 d5 5. f3 Be7 6. e3 c6 7. Bd3 Nbd7 8. O-O-O
b5 9. h3 a5 10. g4 Nb6 11. gxf5 exf5 12. e4 fxe4 13. fxe4 Nxe4 14. Bxe7 Qxe7
15. Nxe4 dxe4 16. Bxe4 Qf6 17. Nf3 Nc4 18. Qg5 Bd7 19. Qh5+ Kd8 20. Kb1 Kc7 21.
Ne5 Nxe5 22. dxe5 Qf4 23. Qe2 Rae8 24. Qd3 Rd8 25. Qd6+ Kb7 26. e6 Qxe4 27. e7
Rhe8 28. Rhe1 Qf5 29. exd8=N+ Rxd8 30. Re7 Kc8 31. h4 Qg4 32. h5 Qxh5 33. Rxd7
Qxd1+ 34. Qxd1 Rxd7 35. Qg4 Kc7 36. c4 bxc4 37. Qxc4 h6 38. Qc5 a4 39. Qa7+ Kd6
40. Qxa4 g5 41. Qg4 1-0

[Event "TSN 2022 - U9"]
[Site "Frydek-Mistek, Czech Republic"]
[Date "2022.04.17"]
[Round "7.2"]
[White "Martikanova, Amalie"]
[Black "Janeczek, Maksymilian"]
[Result "1-0"]
[WhiteElo "1245"]
[BlackElo "1117"]
[PlyCount "71"]
[EventDate "2022.??.??"]

1. e4 c5 2. Nf3 Nc6 3. Bc4 g6 4. Nc3 Bg7 5. d3 d6 6. h3 Nf6 7. O-O O-O 8. Bg5
Bd7 9. Ne2 h6 10. Bd2 Qb6 11. Qc1 Kh7 12. Ng3 Ne8 13. Rb1 Nc7 14. Bc3 a5 15.
Qd2 Qa7 16. h4 b5 17. Bd5 e6 18. Bxc6 Bxc6 19. h5 d5 20. hxg6+ fxg6 21. Bxg7
Kxg7 22. Ne5 Qb6 23. Qe2 Rae8 24. Qg4 g5 25. Nh5+ Kh7 26. f4 c4+ 27. Kh1 Re7
28. fxg5 Rxf1+ 29. Rxf1 Ne8 30. g6+ Kg8 31. Qf3 Nf6 32. Nxf6+ Kg7 33. Ne8+ Rxe8
34. Qf7+ Kh8 35. g7+ Kh7 36. g8=Q# 1-0

[Event "TSN 2022 - U9"]
[Site "Frydek-Mistek, Czech Republic"]
[Date "2022.04.17"]
[Round "7.3"]
[White "Fadrny, Jachym"]
[Black "Haasova, Nina"]
[Result "1-0"]
[WhiteElo "1172"]
[BlackElo "1270"]
[PlyCount "69"]
[EventDate "2022.??.??"]

1. e4 d6 2. d4 Nf6 3. Nc3 g6 4. f3 Bg7 5. Be3 a5 6. Qd2 c6 7. a4 b6 8. O-O-O
O-O 9. h4 h5 10. Nh3 Bxh3 11. Rxh3 Nbd7 12. Be2 e5 13. d5 cxd5 14. exd5 Re8 15.
Bg5 Qc8 16. Nb5 Qb8 17. g4 e4 18. gxh5 e3 19. Bxe3 Nxh5 20. f4 Nhf6 21. Bf3 Nc5
22. h5 gxh5 23. Rg1 Kf8 24. f5 Nce4 25. Qg2 Bh8 26. Bh6+ Ke7 27. Bxe4 Nxe4 28.
Qxe4+ Kd7 29. Qf3 Kc8 30. Bf4 Be5 31. Bxe5 dxe5 32. Qxh5 e4 33. Qxf7 Rd8 34.
Rc3+ Qc7 35. Qxc7# 1-0

[Event "TSN 2022 - U12"]
[Site "Frydek-Mistek, Czech Republic"]
[Date "2022.04.17"]
[Round "7.1"]
[White "Letal, Hynek"]
[Black "Horkova, Tereza"]
[Result "0-1"]
[WhiteElo "1367"]
[BlackElo "1448"]
[PlyCount "94"]
[EventDate "2022.??.??"]

1. e4 c5 2. Nf3 e6 3. d4 cxd4 4. Nxd4 Nf6 5. Nc3 Nc6 6. Ndb5 Bb4 7. a3 Bxc3+ 8.
Nxc3 d5 9. Bg5 d4 10. Bb5 dxc3 11. Qxd8+ Kxd8 12. Bxc6 bxc6 13. e5 h6 14. Rd1+
Kc7 15. exf6 hxg5 16. fxg7 Rg8 17. bxc3 Ba6 18. f3 Rxg7 19. Kf2 Rd8 20. Rxd8
Kxd8 21. Rd1+ Kc7 22. Ke3 f5 23. g3 Rh7 24. Rd2 Bc4 25. Rd4 Bb5 26. h4 e5 27.
Rd2 gxh4 28. Rh2 h3 29. g4 fxg4 30. fxg4 Ba4 31. Ke4 Kd6 32. Kf5 Bxc2+ 33. Kf6
Rh6+ 34. Kg5 Rg6+ 35. Kh5 Rg8 36. g5 Ke6 37. Kh6 Be4 38. Kh5 Bg2 39. Kg4 e4 40.
Kf4 Rxg5 41. Ke3 Re5 42. c4 c5 43. a4 a5 44. Kd2 e3+ 45. Kd1 e2+ 46. Ke1 Kf5
47. Kf2 e1=Q# 0-1

[Event "TSN 2022 - U12"]
[Site "Frydek-Mistek, Czech Republic"]
[Date "2022.04.17"]
[Round "7.2"]
[White "Strzoda, Natalia"]
[Black "Buchtova, Viktorie"]
[Result "0-1"]
[WhiteElo "1248"]
[BlackElo "1504"]
[PlyCount "116"]
[EventDate "2022.??.??"]

1. e4 c5 2. c3 Nf6 3. d3 Nc6 4. Nf3 g6 5. Be2 Bg7 6. O-O O-O 7. h3 d6 8. Be3 b6
9. Nbd2 Bb7 10. d4 cxd4 11. cxd4 Rc8 12. a3 e6 13. Bd3 Qc7 14. Rc1 Kh8 15. b4
a6 16. Bb1 Qe7 17. Bg5 h6 18. Bxf6 Bxf6 19. Nb3 Bg7 20. Re1 Qd7 21. Qe2 a5 22.
Qb5 axb4 23. axb4 Qd8 24. Red1 Na7 25. Qd3 Qe7 26. b5 Qd7 27. e5 Qxb5 28. Qe3
Bxf3 29. Qxf3 dxe5 30. dxe5 Qxe5 31. Qb7 Qb8 32. Rd7 Qxb7 33. Rxb7 Rxc1+ 34.
Nxc1 Nc8 35. Kf1 Rd8 36. Ke2 Kg8 37. Nd3 Bd4 38. Nb4 Nd6 39. Rc7 Nb5 40. Rc1
Nc3+ 41. Kf3 Nxb1 42. Rxb1 Bc5 43. Nc6 Rd2 44. Rf1 f6 45. Na7 Ra2 46. Nb5 Rb2
47. Nc7 Kf7 48. Rc1 Rxf2+ 49. Kg3 Rb2 50. Na6 Rb3+ 51. Kh2 Bd6+ 52. Kg1 Ke7 53.
Ra1 Ra3 54. Rxa3 Bxa3 55. Nc7 Bb2 56. Kf2 Kd6 57. Ne8+ Kd7 58. Ng7 Ke7 0-1

[Event "TSN 2022 - U12"]
[Site "Frydek-Mistek, Czech Republic"]
[Date "2022.04.17"]
[Round "7.3"]
[White "Komarek, Tobias"]
[Black "Vancakova, Veronika"]
[Result "1/2-1/2"]
[WhiteElo "1308"]
[BlackElo "1300"]
[PlyCount "126"]
[EventDate "2022.??.??"]

1. c4 Nf6 2. g3 g6 3. Bg2 Bg7 4. Nc3 O-O 5. e3 c6 6. Nge2 d5 7. cxd5 cxd5 8. d4
Nc6 9. O-O e6 10. b3 b6 11. Bb2 Bb7 12. Rc1 Rc8 13. Ba3 Re8 14. Nb5 Bf8 15.
Bxf8 Rxf8 16. Nbc3 Qe7 17. Qd2 Ba6 18. Rfd1 Kg7 19. Nf4 Rfd8 20. Bf1 Bxf1 21.
Kxf1 Na5 22. Rc2 Rc6 23. Rdc1 Rdc8 24. Nd3 Nd7 25. Nb5 a6 26. Nc3 Nb7 27. Na4
Qd6 28. Rxc6 Rxc6 29. Rxc6 Qxc6 30. Qc3 Qxc3 31. Nxc3 Kf6 32. Na4 Ke7 33. Ke2
f6 34. Kd2 Kd6 35. Nb4 a5 36. Nd3 e5 37. Nc3 Kc6 38. a4 Nd6 39. b4 Nc4+ 40. Kc2
Nf8 41. b5+ Kd6 42. dxe5+ fxe5 43. e4 d4 44. Nd5 Nd7 45. Nb2 Nxb2 46. Kxb2 Kc5
47. Kb3 Kd6 48. Kc4 Ke6 49. f4 exf4 50. gxf4 d3 51. Kxd3 Nc5+ 52. Kd4 Nxa4 53.
h4 Kd6 54. e5+ Ke6 55. Nf6 h6 56. Ng4 h5 57. Nf2 Nc5 58. Ne4 Nd7 59. Ng5+ Kf5
60. Ke3 Nc5 61. Nf3 Ne6 62. Nd4+ Nxd4 63. Kxd4 Ke6 1/2-1/2

[Event "TSN 2022 - U15"]
[Site "Frydek-Mistek, Czech Republic"]
[Date "2022.04.17"]
[Round "7.7"]
[White "Osina, Jaromir"]
[Black "Vasinek, Martin"]
[Result "0-1"]
[WhiteElo "1535"]
[BlackElo "1776"]
[PlyCount "98"]
[EventDate "2022.??.??"]

1. d4 Nf6 2. c4 g6 3. Nc3 Bg7 4. e4 d6 5. Nf3 O-O 6. Be2 Nbd7 7. O-O e5 8. d5
a5 9. Qc2 Nc5 10. b3 Nh5 11. Ne1 Nf4 12. Nd3 g5 13. f3 b6 14. Rb1 Qe7 15. a3 f5
16. b4 axb4 17. axb4 Nxe2+ 18. Qxe2 Nxd3 19. Qxd3 f4 20. Bd2 h5 21. Ra1 Bd7 22.
Ra2 Rxa2 23. Nxa2 g4 24. Kh1 Qh4 25. Qe2 Rf6 26. Be1 Qg5 27. Rg1 Rg6 28. Qf1 h4
29. b5 Bf6 30. Nb4 Kf7 31. Na6 Bd8 32. Bd2 Rh6 33. Qe2 Qh5 34. Nb8 Bc8 35. Nc6
Bf6 36. Ra1 Kg6 37. Ra7 Rh7 38. Ra8 Bd7 39. Ra7 gxf3 40. Qxf3 Bg4 41. Qf2 Rg7
42. Ra1 Kh7 43. Rg1 h3 44. Rf1 hxg2+ 45. Qxg2 Bh3 46. Qf3 Qxf3+ 47. Rxf3 Bg2+
48. Kg1 Bxf3+ 49. Kf2 Bxe4 0-1

[Event "TSN 2022 - U15"]
[Site "Frydek-Mistek, Czech Republic"]
[Date "2022.04.17"]
[Round "7.2"]
[White "Pressler, Tobias"]
[Black "Fizer, Marek"]
[Result "1/2-1/2"]
[WhiteElo "1862"]
[BlackElo "1976"]
[PlyCount "84"]
[EventDate "2022.??.??"]

1. b3 e5 2. Bb2 d6 3. d4 exd4 4. Qxd4 Nf6 5. Nc3 Nc6 6. Qd2 Bf5 7. O-O-O Be7 8.
f3 Qd7 9. e4 Be6 10. Nge2 O-O-O 11. Nf4 a6 12. Nfd5 Rhe8 13. Qf2 Kb8 14. Be2
Bf8 15. Rhe1 Bxd5 16. Nxd5 Nxd5 17. exd5 Ne5 18. Qg3 f5 19. f4 Ng4 20. Bxg4
fxg4 21. Rd4 Qf5 22. Re3 g5 23. Qe1 Rxe3 24. Qxe3 gxf4 25. Rxf4 Qh5 26. Rf6 Bg7
27. Re6 Bxb2+ 28. Kxb2 Qxd5 29. g3 Qf5 30. Re7 Qf6+ 31. Ka3 h5 32. Re8 d5 33.
Re5 d4 34. Qe4 Qf8+ 35. Kb2 Qf2 36. Rd5 Rxd5 37. Qxd5 Qf6 38. Kb1 Ka7 39. Qc5+
Kb8 40. Qxh5 Qf1+ 41. Kb2 Qf6 42. Kb1 Qf1+ 1/2-1/2

[Event "TSN 2022 - U15"]
[Site "Frydek-Mistek, Czech Republic"]
[Date "2022.04.17"]
[Round "7.3"]
[White "Buchta, Bartolomej"]
[Black "Siles, Jan"]
[Result "1/2-1/2"]
[WhiteElo "1892"]
[BlackElo "1640"]
[PlyCount "97"]
[EventDate "2022.??.??"]

1. e4 c5 2. Nf3 d6 3. d4 cxd4 4. Nxd4 Nf6 5. Nc3 g6 6. f3 Bg7 7. Be3 Nc6 8. Bc4
O-O 9. Bb3 Qa5 10. Qd2 Nxd4 11. Bxd4 Be6 12. O-O Rac8 13. Be3 Qd8 14. Rfd1 b6
15. Bh6 Qd7 16. Bxg7 Kxg7 17. Qe2 Qc7 18. Re1 Bc4 19. Qd2 Rfd8 20. Nd5 Qc5+ 21.
Kh1 e6 22. Nxf6 Kxf6 23. Qh6 Qg5 24. Qh3 Bxb3 25. f4 Qc5 26. axb3 Kg7 27. Rxa7
Qf2 28. Rea1 Qxf4 29. Qd3 Qg5 30. Rf1 Rf8 31. c3 Qc5 32. Rd1 Rfd8 33. Rb7 d5
34. Qf3 Rc7 35. Rxc7 Qxc7 36. exd5 Qe5 37. dxe6 Qxe6 38. h3 Re8 39. b4 Qb3 40.
Rf1 Qe6 41. Qf2 Rd8 42. Re1 Qd6 43. Qe3 Kg8 44. Qe7 Qd3 45. Qc7 b5 46. Re7 Qf1+
47. Kh2 Rf8 48. Qd7 Qf4+ 49. Kh1 1/2-1/2

[Event "TSN 2022 - U12"]
[Site "Frydek-Mistek, Czech Republic"]
[Date "2022.04.17"]
[Round "8.1"]
[White "Horkova, Tereza"]
[Black "Kolar, Edvard"]
[Result "1-0"]
[WhiteElo "1448"]
[BlackElo "1563"]
[PlyCount "87"]
[EventDate "2022.??.??"]

1. e4 e6 2. d4 d5 3. e5 c5 4. c3 Nc6 5. Nf3 Qb6 6. Be2 c4 7. O-O g6 8. Re1 Bg7
9. Qc2 Nge7 10. Nbd2 O-O 11. Nf1 f6 12. exf6 Rxf6 13. Bg5 Rf7 14. Ng3 e5 15.
dxe5 Nxe5 16. Rad1 Bg4 17. Bxe7 Bxf3 18. Bxf3 Rxe7 19. Bxd5+ Kh8 20. Bxc4 Rae8
21. Be2 Ng4 22. Rf1 Ne5 23. h3 Rf7 24. Ne4 Ref8 25. Qb3 Qc6 26. Qd5 Qb6 27. Qb5
Qe6 28. Ng5 Qf6 29. Nxf7+ Qxf7 30. Qd5 Qf4 31. Qxb7 Nf7 32. Qxa7 Be5 33. g3 Qh6
34. Qe7 Bg7 35. Qh4 Qxh4 36. gxh4 Re8 37. Rfe1 Ne5 38. f4 Nf7 39. Bc4 Rxe1+ 40.
Rxe1 Nd6 41. a4 Bf8 42. Ba2 Nf5 43. b4 Nxh4 44. Kf2 1-0

[Event "TSN 2022 - U12"]
[Site "Frydek-Mistek, Czech Republic"]
[Date "2022.04.17"]
[Round "8.2"]
[White "Buchtova, Viktorie"]
[Black "Komarek, Tobias"]
[Result "1-0"]
[WhiteElo "1504"]
[BlackElo "1308"]
[PlyCount "101"]
[EventDate "2022.??.??"]

1. e4 c5 2. Nf3 d6 3. d4 cxd4 4. Nxd4 Nf6 5. Nc3 g6 6. f3 Bg7 7. Be3 O-O 8. Bc4
Bd7 9. Bb3 Nc6 10. Qd2 Rc8 11. O-O-O Nxd4 12. Bxd4 b5 13. a3 a5 14. h4 b4 15.
axb4 axb4 16. Nd5 Nxd5 17. Bxg7 Kxg7 18. Bxd5 Qa5 19. Kb1 e6 20. Bb3 Ra8 21. c3
bxc3 22. Qxc3+ Qxc3 23. bxc3 Rfb8 24. Kc2 Rxb3 25. Kxb3 Ba4+ 26. Kb4 Bxd1 27.
Rxd1 Ra2 28. Rxd6 Rxg2 29. c4 Kf6 30. Rd7 Rb2+ 31. Ka5 e5 32. c5 Ke6 33. c6 Rb3
34. Rd8 Rxf3 35. c7 Rc3 36. c8=Q+ Rxc8 37. Rxc8 f5 38. Rc6+ Kd7 39. Rb6 f4 40.
Rb7+ Kd6 41. Rxh7 Kc5 42. Rh6 Kd4 43. Rxg6 f3 44. h5 Kxe4 45. Rf6 Ke3 46. h6 e4
47. h7 Ke2 48. h8=Q e3 49. Qh5 Ke1 50. Qxf3 e2 51. Re6 1-0

[Event "TSN 2022 - U12"]
[Site "Frydek-Mistek, Czech Republic"]
[Date "2022.04.17"]
[Round "8.3"]
[White "Vancakova, Veronika"]
[Black "Kotisa, Jan"]
[Result "1/2-1/2"]
[WhiteElo "1300"]
[BlackElo "1322"]
[PlyCount "85"]
[EventDate "2022.??.??"]

1. d4 d5 2. c4 c6 3. Nc3 Nf6 4. Nf3 Bg4 5. Ne5 Bf5 6. cxd5 cxd5 7. Qb3 Bc8 8.
e3 Nc6 9. Bb5 Qd6 10. Bd2 e6 11. Rc1 Bd7 12. Nxd7 Qxd7 13. Na4 Be7 14. O-O O-O
15. Bb4 Bxb4 16. Bxc6 bxc6 17. Qxb4 Rfb8 18. Qc3 Rc8 19. Nc5 Qe8 20. Qd3 Nd7
21. Rc2 Nxc5 22. Rxc5 Rc7 23. Rfc1 Rac8 24. Qc3 Qd7 25. b4 a6 26. a4 Kf8 27. b5
axb5 28. axb5 Rb8 29. h3 Qd6 30. Rxc6 Rxc6 31. bxc6 Rc8 32. c7 Ke8 33. Qa5 Kd7
34. Qb5+ Ke7 35. Rc6 Qd7 36. Kh2 Kf6 37. Qb7 Ke7 38. Qb4+ Kf6 39. Qb6 Ke7 40.
Kg1 Kf6 41. Rc5 Ke7 42. Qb8 Kf6 43. Qb6 1/2-1/2

[Event "TSN 2022 - U15"]
[Site "Frydek-Mistek, Czech Republic"]
[Date "2022.04.17"]
[Round "8.1"]
[White "Vasinek, Martin"]
[Black "Siles, Jan"]
[Result "1/2-1/2"]
[WhiteElo "1776"]
[BlackElo "1640"]
[PlyCount "43"]
[EventDate "2022.??.??"]

1. d4 d5 2. Nf3 Nf6 3. e3 e6 4. Bd3 Be7 5. O-O O-O 6. Nbd2 c5 7. c3 Nbd7 8. Re1
b6 9. e4 dxe4 10. Nxe4 Bb7 11. Qc2 Rc8 12. dxc5 Bxe4 13. Bxe4 Nxc5 14. Nd2
Ncxe4 15. Nxe4 Qc7 16. Nxf6+ Bxf6 17. Qe4 Qc4 18. Qxc4 Rxc4 19. Be3 Rd8 20.
Red1 Rcc8 21. Kf1 Kf8 22. Ke2 1/2-1/2

[Event "TSN 2022 - U15"]
[Site "Frydek-Mistek, Czech Republic"]
[Date "2022.04.17"]
[Round "8.2"]
[White "Fizer, Marek"]
[Black "Tichy, Tomas"]
[Result "1-0"]
[WhiteElo "1976"]
[BlackElo "1531"]
[PlyCount "65"]
[EventDate "2022.??.??"]

1. e4 c5 2. Nf3 Nc6 3. d4 cxd4 4. Nxd4 Nf6 5. Nc3 e5 6. Ndb5 d6 7. Bg5 a6 8.
Na3 b5 9. Nd5 Be7 10. Bxf6 Bxf6 11. c3 Bg5 12. Nc2 O-O 13. h4 Bh6 14. a4 bxa4
15. Rxa4 a5 16. Bc4 Be6 17. b3 Rb8 18. Nce3 Bxe3 19. Nxe3 Qd7 20. O-O Rfd8 21.
Bd5 Kh8 22. Nc4 Rb5 23. Qc2 Rdb8 24. Bxc6 Qxc6 25. Nxa5 Qc7 26. Rfa1 Bxb3 27.
Nxb3 Rxb3 28. Ra8 g6 29. Qxb3 Rxa8 30. Rxa8+ Kg7 31. Qb8 Qxc3 32. Qf8+ Kf6 33.
Qxd6+ 1-0